Statistics for The Lyndon B. Johnson Presidency

Click here to take the quiz!

General Stats

  • This quiz has been taken 980 times
    (887 since last reset)
  • The average score is 13 of 20

Answer Stats

HintAnswer% Correct
Johnson succeeded this assassinated presidentJohn F. Kennedy
97%
Habit he dropped in 1955 and took up again immediately after leaving the White HouseSmoking
93%
Home stateTexas
90%
He is one of four people to have been President, Vice President, Representative and Majority Leader of the...?Senate
80%
Thurgood Marshall was the first black person to be nominated to this institutionSupreme Court
78%
Middle nameBaines
77%
Military operation launched by the Vietcong on Vietnamese New Year, 1968{Tet} Offensive
76%
Metaphor for a series of social and economic programs, such as Medicaid and MedicareWar on {Poverty}
74%
His wifeLady Bird
73%
Event that escalated the United States' involvement in VietnamGulf of {Tonkin} Incident
66%
Place where he was sworn in for his first presidencyAir Force One
64%
Watts, a neighborhood of this city, was one site among several mid-60s urban riotsLos Angeles
63%
Republican candidate he defeated in a landslide in the 1964 presidential electionsBarry Goldwater
58%
Legislation that outlawed racial and gender discriminationCivil Rights Act of 1964
57%
Racist Alabama governor who lost the 1964 primaries and later split from the DemocratsGeorge Wallace
57%
Name for socially and racially progressive policiesGreat {Society}
55%
Vice President during his second termHubert Humphrey
52%
Profession before entering politicsTeacher
34%
1956 segregationist declaration he did not sign, unlike many fellow congressmen{Southern} Manifesto
20%
Johnson's way of winning over opponents in aggressive one-on-one talksThe Johnson {Treatment}
19%

Score Distribution

Percentile by Number Answered

Percent of People with Each Score

Your Score History

You have not taken this quiz since the last reset